000 00329nam a22001337a 4500
008 170613b xxu||||| |||| 00| 0 eng d
020 _a9789280811049
041 _aeng
080 _a32
100 _a19
101 _aSHP
245 _aTHE UN ROLE IN PORMOTING DEMOCRACY BETWEEN IDEALS AND REALITY
_cNEWMAN, E
942 _2udc
_cBK
999 _c17219
_d17219